00259nam a2200097Ia 4500008004100000100003000041245003500071250000800106260003900114300000800153191201s2016 xx 000 0 und d aJAIKISHAN AND PREM KISHAN 0aHow to crack test of reasoning aRep c2016bArihant PublisheraNEW DELHI a442